Signals and systems : (Record no. 189204)
[ view plain ]
| 000 -LEADER | |
|---|---|
| fixed length control field | 01024 a2200205 4500 |
| 003 - CONTROL NUMBER IDENTIFIER | |
| control field | Nust |
| 005 - DATE AND TIME OF LATEST TRANSACTION | |
| control field | 20220818093628.0 |
| 010 ## - LIBRARY OF CONGRESS CONTROL NUMBER | |
| LC control number | 2008927083 |
| 020 ## - INTERNATIONAL STANDARD BOOK NUMBER | |
| International Standard Book Number | 9781934404119 (pbk. : alk. paper) |
| 040 ## - CATALOGING SOURCE | |
| Transcribing agency | Nust |
| 082 ## - DEWEY DECIMAL CLASSIFICATION NUMBER | |
| Classification number | 621.3822,KAR |
| 100 1# - MAIN ENTRY--PERSONAL NAME | |
| Personal name | Karris, Steven T. |
| 9 (RLIN) | 97912 |
| 245 10 - TITLE STATEMENT | |
| Title | Signals and systems : |
| Remainder of title | with matlab computing and simulink modeling / |
| Statement of responsibility, etc. | Steven T. Karris. |
| 250 ## - EDITION STATEMENT | |
| Edition statement | 4th ed. |
| 260 ## - PUBLICATION, DISTRIBUTION, ETC. | |
| Place of publication, distribution, etc. | Fremont, CA : |
| Name of publisher, distributor, etc. | Orchard Publications, |
| Date of publication, distribution, etc. | 2008. |
| 300 ## - PHYSICAL DESCRIPTION | |
| Extent | p. cm. |
| 505 ## - FORMATTED CONTENTS NOTE | |
| Formatted contents note | Elementary Signals (Page 1-1), The Laplace Transformation (Page 2-1), The Inverse Laplace Transform (Page 3-1), Circuits Analysis with Laplace (Page4 -1), State Variables and State Equations (Page 5-1), The Impulse Reponses and Convolution (Page 6-1), Fourier Series (Page 7-1), The Fourier Transform (Page8-1), Discrete Time Systems and the Z Transform (Page-9-1) ,The DFT and the FFT Algorithm (Page 10-1), Analog and Digital Filters (Page11-1), |
| 650 ## - SUBJECT ADDED ENTRY--TOPICAL TERM | |
| Topical term or geographic name entry element | Telecommunication Engineering |
| 942 ## - ADDED ENTRY ELEMENTS (KOHA) | |
| Source of classification or shelving scheme | |
| Koha item type | Reference |
| Withdrawn status | Lost status | Source of classification or shelving scheme | Damaged status | Not for loan | Permanent Location | Current Location | Shelving location | Date acquired | Full call number | Barcode | Date last seen | Price effective from | Koha item type | Public note | Total Checkouts | Date last checked out |
|---|---|---|---|---|---|---|---|---|---|---|---|---|---|---|---|---|
| Military College of Signals (MCS) | Military College of Signals (MCS) | General Stacks | 12/12/2016 | 621.3822,KAR | MCS34989 | 12/08/2016 | 12/12/2016 | Book | Almirah No.36, Shelf No.4 | |||||||
| Military College of Signals (MCS) | Military College of Signals (MCS) | Reference | 12/12/2016 | 621.3822,KAR | MCS34990 | 05/21/2025 | 12/12/2016 | Reference | Almirah No.22, Shelf No.4 | 1 | 12/24/2024 |
